Statistics for 西鉄バスグループの営業所

Click here to take the quiz!

General Stats

  • This quiz has been taken 19 times
  • The average score is 24 of 43

Answer Stats

会社営業所% Correct
西鉄バス北九州小倉
100%
西鉄バス大牟田大牟田
93%
門司
93%
西鉄バス佐賀佐賀
93%
西鉄バス久留米久留米
86%
西日本鉄道
(東営業課)
博多
79%
鳥栖
71%
直方
71%
八女
71%
西鉄バス宗像赤間
71%
71%
那珂川
71%
竹下
71%
飯塚
64%
行橋
64%
甘木
64%
田川
64%
戸畑
64%
八幡
64%
アイランドシティ
64%
宇美
57%
西日本鉄道
(南営業課)
桧原
57%
吉塚
50%
大川
50%
愛宕浜
50%
日田バス杷木
43%
吉井
43%
土井
43%
西日本鉄道
(西営業課)
壱岐
43%
早良
43%
百道浜
43%
金武
36%
京町
36%
片江
36%
西鉄バス二日市月の浦
36%
香月
36%
福岡空港
29%
中谷
29%
恒見
29%
柏原
29%
弥生が丘
29%
北九州高速
14%
福岡高速
7%

Score Distribution

Percentile by Number Answered

Percent of People with Each Score

Your Score History

You have not taken this quiz